000 00405nam a22001697a 4500
003 NUST - PNEC
005 20170116181103.0
008 151003b xxu||||| |||| 00| 0 eng d
020 _a-
040 _cLIBRARY
082 _a621.3841 SAL
100 _912507
_aSalm, W.G.
245 _aABC's of modern radio
_c W.G. Salm
260 _cc.1963
650 _912511
_aModern radio
_xMS COM
942 _2ddc
_cBK
999 _c68846
_d68846